Same Word, Same Actor, Different Movies Quiz Stats

 Plays Quiz Updated Apr 5, 2016

Challenge
Share
Tweet
Embed
Score 0/36 Timer 06:00
2 Plays Today
Actor Movies % Correct
Matt Damon (Good)Good Will Hunting
92.3%
Tom Hanks (Saving)Saving Private Ryan
91%
Cameron Diaz (Bad)Bad Teacher
83.5%
Christian Bale (American)American Psycho
81%
Morgan Freeman (Baby)Million Dollar Baby
75.5%
Nicolas Cage (Vegas)Leaving Las Vegas
73.7%
Tom Cruise (Thunder)Days of Thunder
66.7%
Kevin Bacon (River)Mystic River
64%
Denzel Washington (Fire)Man on Fire
62.7%
Clint Eastwood (Dollars)A Fistful of Dollars
60.6%
Gene Hackman (Enemy)Enemy of the State
59.3%
Jack Nicholson (Easy)Easy Rider
58.7%
Christian Bale (American)American Hustle
57.2%
Tom Cruise (Thunder)Tropic Thunder
56.2%
Michelle Pfeiffer (Dangerous)Dangerous Minds
55.1%
Andy Serkis (King)The Lord of the Rings: The Return of the King
51.5%
Josh Hartnett (Black)Black Hawk Down
49.5%
Clint Eastwood (Dollars)For a Few Dollars More
46.5%
Actor Movies % Correct
Andy Serkis (King)King Kong
44.8%
Michelle Pfeiffer (Dangerous)Dangerous Liaisons
44.6%
Brad Pitt (Years)Seven Years in Tibet
42.7%
Leslie Mann (Up)Knocked Up
39.1%
Tom Hanks (Saving)Saving Mr. Banks
36.9%
Jack Nicholson (Easy)Five Easy Pieces
32.6%
Johnny Depp (Street)A Nightmare on Elm Street
31.1%
Morgan Freeman (Baby)Gone Baby Gone
30.8%
Kevin Bacon (River)The River Wild
29.4%
Johnny Depp (Street)Sweeney Todd: The Demon Barber of Fleet Street
25.7%
Matt Damon (Good)The Good Shepherd
21%
Brad Pitt (Years)12 Years a Slave
19.2%
Gene Hackman (Enemy)Behind Enemy Lines
18.3%
Nicolas Cage (Vegas)Honeymoon in Vegas
17.9%
Denzel Washington (Fire)Courage Under Fire
16.8%
Josh Hartnett (Black)The Black Dahlia
14.5%
Cameron Diaz (Bad)Very Bad Things
6.9%
Leslie Mann (Up)The Change-Up
3.7%

You're not logged in!

Compare scores with friends on all Sporcle quizzes.
Join for Free
OR
Log In

You Might Also Like...

Show Comments

Extras

Top Quizzes Today


Score Distribution

Your Account Isn't Verified!

In order to create a playlist on Sporcle, you need to verify the email address you used during registration. Go to your Sporcle Settings to finish the process.

Report this User

Report this user for behavior that violates our Community Guidelines.

Details: